Amazonia : (Record no. 8216)

MARC details
000 -LEADER
campo de control de longitud fija 00897cam a2200289Ma 4500
001 - NÚMERO DE CONTROL
campo de control 91842
005 - FECHA Y HORA DE LA ÚLTIMA TRANSACCIÓN
campo de control 20230404125949.0
008 - DATOS DE LONGITUD FIJA--INFORMACIÓN GENERAL
campo de control de longitud fija 051128s2005 bl 001 0 por d
035 ## - NÚMERO DE CONTROL DEL SISTEMA
Número de control de sistema (OCoLC)ocm68190039
040 ## - FUENTE DE CATALOGACIÓN
Centro catalogador/agencia de origen MNU
Centro/agencia transcriptor MNU
020 ## - NÚMERO INTERNACIONAL ESTÁNDAR DEL LIBRO
Número Internacional Estándar del Libro 8574972754
020 ## - NÚMERO INTERNACIONAL ESTÁNDAR DEL LIBRO
Número Internacional Estándar del Libro 9788574972756
035 ## - NÚMERO DE CONTROL DEL SISTEMA
Número de control de sistema (OCoLC)68190039
050 14 - SIGNATURA TOPOGRÁFICA DE LA BIBLIOTECA DEL CONGRESO
Número de clasificación 103 F 2546
Número de ítem M672a 2005
100 1# - ENTRADA PRINCIPAL--NOMBRE DE PERSONA
Nombre de persona Miranda, Jorge Babot.
245 10 - MENCIÓN DEL TÍTULO
Título Amazonia :
Resto del título area cobicada /
Mención de responsabilidad, etc. Jorge Babot Miranda.
260 ## - PUBLICACIÓN, DISTRIBUCIÓN, ETC.
Lugar de publicación, distribución, etc. Porto Alegre. RS, Brazil :
Nombre del editor, distribuidor, etc. Editora Age,
Fecha de publicación, distribución, etc. c2005.
300 ## - DESCRIPCIÓN FÍSICA
Extensión 223 p. :
Otras características físicas ill. (some col.), map ;
Dimensiones 21 cm.
500 ## - NOTA GENERAL
Nota general Includes index.
651 #0 - PUNTO DE ACCESO ADICIONAL DE MATERIA--NOMBRE GEOGRÁFICO
Nombre geográfico Amazonas (Brazil)
Subdivisión general History.
650 #0 - PUNTO DE ACCESO ADICIONAL DE MATERIA--TÉRMINO DE MATERIA
Término de materia o nombre geográfico como elemento de entrada Sustainable development
Subdivisión geográfica Amazonas (Brazil).
650 #0 - PUNTO DE ACCESO ADICIONAL DE MATERIA--TÉRMINO DE MATERIA
Término de materia o nombre geográfico como elemento de entrada Economic development
Subdivisión general Environmental aspects
Subdivisión geográfica Amazonas (Brazil).
653 ## - TÉRMINO DE INDIZACIÓN--NO CONTROLADO
Término no controlado Amazonas (Brazil)
-- Historia
942 ## - ELEMENTOS DE ENTRADA SECUNDARIOS (KOHA)
Fuente del sistema de clasificación o colocación Clasificación de Library of Congress
Tipo de ítem Koha
994 ## -
-- C0
-- DRFGD
946 ## - PROCESAMIENTO DE INFORMACIÓN LOCAL (OCLC)
a nc
Holdings
Estatus retirado Estado de pérdida Fuente del sistema de clasificación o colocación Estado de daño No para préstamo Colección Biblioteca de origen Biblioteca actual Ubicación en estantería Fecha de adquisición Serial enumeration / chronology Total checkouts Signatura topográfica completa Código de barras Visto por última vez Copia número Precio de reemplazo Tipo de ítem Koha
    Clasificación de Library of Congress     Recursos Regionales Biblioteca Juan Bosch Biblioteca Juan Bosch Recursos Regionales (2do. Piso) 04/04/2023 1   103 F 2546 M672a 2005 00000084960 23/10/2018 1 23/10/2018